Countries with most left handed people - Statistics

General Stats
  • This quiz has been taken 42 times
  • The average score is 13 of 15
Answer Stats
Hint Answer % Correct
Europe Germany
97%
North America / Europe United States / Belgium
97%
Europe Netherlands
94%
Europe United Kingdom
94%
North America Canada
91%
Europe France
91%
Europe Italy
91%
Europe Spain
91%
Oceania Australia
85%
Oceania New Zealand
85%
Europe Switzerland
76%
Europe Denmark
74%
Europe Ireland
68%
Asia Israel
62%
Asia United Arab Emirates
53%
No matching quizzes found
Score Distribution
Percent of People with Each Score
Percentile by Number Answered
Your Score History
You have not taken this quiz